000
00265nam a2200109 a 4500
005
20140414131916.0
008
101015s19uu xx 00 eng d
050
_a
ER
_b
C48 2005
245
_a
Cinderella.
260
_a
Manila, Philippines :
_b
Disney.
999
_c
111463
_d
111463